General Financial Rules, 2017: (Record no. 203989)
[ view plain ]
| 000 -LEADER | |
|---|---|
| fixed length control field | 00705nam a22002057a 4500 |
| 005 - DATE AND TIME OF LATEST TRANSACTION | |
| control field | 20240708121101.0 |
| 010 ## - LCCN (DPL NO) | |
| LC control number | ENG-140779 |
| 020 ## - INTERNATIONAL STANDARD BOOK NUMBER | |
| Terms of availability | 330.00 |
| International Standard Book Number | 9788195320578 |
| 035 ## - SYSTEM CONTROL NUMBER | |
| System control number | EN-124311 |
| 037 ## - SOURCE OF ACQUISITION | |
| Source of stock number/acquisition | DBAD |
| 082 ## - DEWEY DECIMAL CLASSIFICATION NUMBER | |
| Classification number | 343.5403 |
| Edition number | 2 |
| 100 ## - MAIN ENTRY--PERSONAL NAME | |
| Personal name | Bangia, Harshul |
| 245 ## - TITLE STATEMENT | |
| Title | General Financial Rules, 2017: |
| Remainder of title | Along with Government of India Decisions/ |
| Statement of responsibility, etc | Compiled by, Harshul Bangia |
| 250 ## - EDITION STATEMENT | |
| Edition statement | 2 |
| 260 ## - PUBLICATION, DISTRIBUTION, ETC. (IMPRINT) | |
| Place of publication, distribution, etc | NewDelhi |
| Name of publisher, distributor, etc | Sumedha Publishing House |
| Date of publication, distribution, etc | 2022 |
| 270 ## - ADDRESS | |
| City | New Delhi |
| Address | UG-Ansal Chamber-1, 3 Bhikaji cama Place |
| Postal code | 110066 |
| Telephone number | 26104004 |
| -- | 9891591329 |
| 300 ## - PHYSICAL DESCRIPTION | |
| Extent | xxiii, 260p. |
| Dimensions | 24cm (pb) |
| 500 ## - GENERAL NOTE | |
| General note | As Amended upto 2022 (July) |
| 942 ## - ADDED ENTRY ELEMENTS (KOHA) | |
| Source of classification or shelving scheme | Dewey Decimal Classification |
| Item type | English Books |
| Classification part | 343.5403 |
| Call number suffix | BAN |
| Edition | 2 |
| Withdrawn status | Lost status | Not for loan | Collection code | Home library | Current library | Date acquired | Source of acquisition | Cost, normal purchase price | Full call number | Barcode | Copy number | Cost, replacement price | Koha item type |
|---|---|---|---|---|---|---|---|---|---|---|---|---|---|
| Non-fiction | New Police Line | New Police Line | 08/07/2024 | DBAD | 330.00 | 343.5403 BAN | EN-124311 | 1 | 330.00 | English Books |
